[Event "FIDE Chess.com Grand Swiss"]
[Site "Mount Murray IOM"]
[Date "2019.10.11"]
[Round "2.32"]
[White "Gelfand, Boris"]
[Black "Nihal, Sarin"]
[Result "1-0"]
[WhiteElo "2686"]
[BlackElo "2610"]
[PlyCount "141"]
[EventDate "2019.10.10"]
[EventType "swiss"]
[EventRounds "11"]
[EventCountry "IOM"]
[SourceTitle "twic1301"]
[Source "Mark Crowther"]
[SourceDate "2019.10.14"]
[SourceVersion "2"]
[SourceVersionDate "2019.10.21"]
[SourceQuality "2"]

1. Nf3 d5 2. d4 Nf6 3. c4 e6 4. g3 dxc4 5. Bg2 c5 6. O-O Nc6 7. Qa4 Bd7 8. dxc5
Bxc5 9. Qxc4 Be7 10. Nc3 O-O 11. e4 Qa5 12. Rd1 Rfd8 13. Qe2 Ng4 14. Nd2 Nge5
15. Nb3 Qb4 16. Bd2 Qc4 17. Bf1 Qxe2 18. Bxe2 Be8 19. Be3 f5 20. Nc5 Bxc5 21.
Bxc5 b6 22. Be3 Bg6 23. exf5 Bxf5 24. Nb5 h6 25. Rac1 Rxd1+ 26. Rxd1 Nb4 27.
Nd4 Rd8 28. Nxf5 Rxd1+ 29. Bxd1 exf5 30. Bd4 Nec6 31. Bc3 Nd5 32. Bb3 Nce7 33.
Kf1 Kf7 34. h4 g6 35. Bd2 h5 36. Bg5 Ke8 37. Ke2 Nc7 38. Ke3 Nc6 39. Bf4 Nb5
40. Bc4 Nbd4 41. Bg5 b5 42. Bd5 Nc2+ 43. Kd2 N2b4 44. Bb3 Na6 45. Be3 Ke7 46.
Bd5 Nab4 47. Bc5+ Kf6 48. Bb3 Na6 49. Be3 Ke7 50. Bd5 Nab4 51. Bc5+ Kf6 52. Bb3
Na6 53. Bd6 Na5 54. Bd5 Nc4+ 55. Bxc4 bxc4 56. Bf4 Ke6 57. Be3 f4 58. Bxa7 fxg3
59. fxg3 Nb4 60. Kc3 Nxa2+ 61. Kxc4 Nc1 62. b4 Kd7 63. Be3 Ne2 64. Bf4 Kc6 65.
Kd3 Ng1 66. Ke3 Kb5 67. Bd6 Nh3 68. Be7 Kc6 69. Kf3 Kd7 70. Bf6 Ke6 71. Kg2 1-0

[Event "FIDE Chess.com Grand Swiss"]
[Site "Mount Murray IOM"]
[Date "2019.10.19"]
[Round "9.36"]
[White "Esipenko, Andrey"]
[Black "Jones, Gawain C"]
[Result "1-0"]
[WhiteElo "2624"]
[BlackElo "2688"]
[PlyCount "159"]
[EventDate "2019.10.10"]
[EventType "swiss"]
[EventRounds "11"]
[EventCountry "IOM"]
[SourceTitle "twic1302"]
[Source "Mark Crowther"]
[SourceDate "2019.10.21"]
[SourceVersion "2"]
[SourceVersionDate "2019.10.25"]
[SourceQuality "2"]

1. d4 Nf6 2. c4 g6 3. Nc3 d5 4. cxd5 Nxd5 5. e4 Nxc3 6. bxc3 Bg7 7. Nf3 c5 8.
Be3 Qa5 9. Qd2 O-O 10. Rc1 Bg4 11. d5 b5 12. Bxc5 Rc8 13. Bb4 Qc7 14. Nd4 a5
15. Ba3 b4 16. Bb2 Qb6 17. c4 a4 18. Be2 a3 19. Ba1 Bxe2 20. Kxe2 e6 21. Rhd1
Na6 22. Nc6 Bxa1 23. Ne7+ Kg7 24. Nxc8 Rxc8 25. Rxa1 Rxc4 26. Kf1 Nc5 27. d6 e5
28. Qg5 Nxe4 29. Qe3 Qxe3 30. fxe3 Rc8 31. Rd5 Nc3 32. Rxe5 Rd8 33. Re7 Nd5 34.
Rb7 Nxe3+ 35. Ke2 Nd5 36. d7 Kf6 37. Kd3 Ke6 38. Re1+ Kd6 39. Kc4 Kc6 40. Rb5
Nb6+ 41. Kxb4 Nd5+ 42. Kc4 Nb6+ 43. Rxb6+ Kxb6 44. Re7 Kc6 45. Rxf7 h5 46. Kb4
h4 47. h3 g5 48. Kxa3 Kc7 49. Rg7 Ra8+ 50. Kb3 Ra5 51. a4 Re5 52. Kc4 Rf5 53.
Kd4 Kd8 54. Ke4 Rc5 55. Kf3 Rc3+ 56. Kg4 Rg3+ 57. Kh5 Rxg2 58. Rxg5 Ra2 59. Rg4
Kxd7 60. Kxh4 Ra3 61. Rf4 Ke6 62. Kg4 Ra1 63. Kg5 Rg1+ 64. Rg4 Rh1 65. h4 Kf7
66. Rf4+ Kg7 67. Rf5 Rg1+ 68. Kh5 Rd1 69. a5 Ra1 70. Kg5 Rh1 71. h5 Rg1+ 72.
Kf4 Re1 73. Rb5 Kh6 74. a6 Ra1 75. Rb6+ Kxh5 76. Ke5 Rd1 77. a7 Ra1 78. Rb7 Ra6
79. Kd5 Kg6 80. Kc5 1-0

[Event "FIDE Chess.com Grand Swiss"]
[Site "Mount Murray IOM"]
[Date "2019.10.19"]
[Round "9.38"]
[White "Sasikiran, Krishnan"]
[Black "Volokitin, Andrei"]
[Result "1-0"]
[WhiteElo "2675"]
[BlackElo "2627"]
[PlyCount "115"]
[EventDate "2019.10.10"]
[EventType "swiss"]
[EventRounds "11"]
[EventCountry "IOM"]
[SourceTitle "twic1302"]
[Source "Mark Crowther"]
[SourceDate "2019.10.21"]
[SourceVersion "2"]
[SourceVersionDate "2019.10.25"]
[SourceQuality "2"]

1. e4 c5 2. Nf3 d6 3. d4 cxd4 4. Nxd4 Nf6 5. Nc3 a6 6. Be2 e6 7. O-O Be7 8. a4
Nc6 9. Be3 Bd7 10. Qd2 Nxd4 11. Bxd4 Bc6 12. Qe3 O-O 13. Rfd1 Qb8 14. a5 b5 15.
Bf3 Rc8 16. Na2 Qb7 17. Bxf6 Bxf6 18. c3 Qc7 19. Nb4 Bb7 20. g3 Rd8 21. Bg2 Qc5
22. Qe2 Qc7 23. Qe3 Qc5 24. Qe2 Qc7 25. Qe3 Be7 26. h4 h6 27. Rd3 Qc5 28. Qd2
Rac8 29. Kh2 Qa7 30. Nc2 Rc4 31. Rd4 d5 32. exd5 Bxd5 33. Rd3 Qc7 34. Bxd5 exd5
35. Ne3 Rxh4+ 36. Kg1 Rh5 37. Nxd5 Qb7 38. Nxe7+ Kh7 39. f3 Qxf3 40. Rxf3 Rxd2
41. Rf2 Rd3 42. Rg2 Rc5 43. g4 Rc4 44. g5 hxg5 45. Rxg5 g6 46. Rf1 Kg7 47. Rg2
Rd7 48. Nf5+ Kg8 49. Ne3 Ra4 50. Ng4 Kg7 51. Nf6 Rd3 52. Rh2 g5 53. Nh5+ Kf8
54. Rg2 Rxa5 55. Rxg5 Ra2 56. Nf6 Ke7 57. Nd5+ Kf8 58. Nb4 1-0

[Event "FIDE Chess.com Grand Swiss"]
[Site "Mount Murray IOM"]
[Date "2019.10.19"]
[Round "9.39"]
[White "Vocaturo, Daniele"]
[Black "Bacrot, Etienne"]
[Result "1/2-1/2"]
[WhiteElo "2620"]
[BlackElo "2671"]
[PlyCount "60"]
[EventDate "2019.10.10"]
[EventType "swiss"]
[EventRounds "11"]
[EventCountry "IOM"]
[SourceTitle "twic1302"]
[Source "Mark Crowther"]
[SourceDate "2019.10.21"]
[SourceVersion "2"]
[SourceVersionDate "2019.10.25"]
[SourceQuality "2"]

1. d4 d5 2. c4 e6 3. Nc3 Be7 4. cxd5 exd5 5. Bf4 c6 6. e3 Bf5 7. Nge2 Nd7 8. h4
Ngf6 9. Ng3 Be6 10. Bd3 O-O 11. Nf5 Re8 12. Nxe7+ Qxe7 13. O-O Ne4 14. Bxe4
dxe4 15. Nxe4 Bc4 16. Nd6 Bxf1 17. Nxe8 Rxe8 18. Qxf1 Qxh4 19. d5 Qf6 20. dxc6
Qxc6 21. Rc1 Qb6 22. Rc7 Nf8 23. Qc4 Ne6 24. Rc8 Rxc8 25. Qxc8+ Qd8 26. Qxb7
Nxf4 27. exf4 Qd1+ 28. Kh2 Qh5+ 29. Kg1 Qd1+ 30. Kh2 Qh5+ 1/2-1/2

[Event "FIDE Chess.com Grand Swiss"]
[Site "Mount Murray IOM"]
[Date "2019.10.19"]
[Round "9.40"]
[White "Berkes, Ferenc"]
[Black "Van Foreest, Jorden"]
[Result "1/2-1/2"]
[WhiteElo "2667"]
[BlackElo "2621"]
[PlyCount "65"]
[EventDate "2019.10.10"]
[EventType "swiss"]
[EventRounds "11"]
[EventCountry "IOM"]
[SourceTitle "twic1302"]
[Source "Mark Crowther"]
[SourceDate "2019.10.21"]
[SourceVersion "2"]
[SourceVersionDate "2019.10.25"]
[SourceQuality "2"]

1. d4 d5 2. Nf3 Nf6 3. Bf4 c5 4. e3 Nc6 5. c3 Qb6 6. Qc2 Nh5 7. Be5 f6 8. dxc5
Qxc5 9. Bd4 Qa5 10. Be2 g6 11. O-O e5 12. b4 Qc7 13. Bc5 Bxc5 14. bxc5 O-O 15.
Rd1 Rd8 16. Nbd2 Be6 17. Nb3 Ng7 18. c4 dxc4 19. Bxc4 Bxc4 20. Qxc4+ Qf7 21.
Nfd2 Qxc4 22. Nxc4 Kf8 23. Kf1 Ke7 24. Nba5 Rxd1+ 25. Rxd1 Nd8 26. Nd6 Rb8 27.
Nb5 Nge6 28. Nb3 Nc6 29. Ke2 Rc8 30. Nd6 Rc7 31. Nb5 Rc8 32. Nd6 Rc7 33. Nb5
1/2-1/2

[Event "FIDE Chess.com Grand Swiss"]
[Site "Mount Murray IOM"]
[Date "2019.10.19"]
[Round "9.53"]
[White "Huschenbeth, Niclas"]
[Black "Ponomariov, Ruslan"]
[Result "1/2-1/2"]
[WhiteElo "2624"]
[BlackElo "2675"]
[PlyCount "52"]
[EventDate "2019.10.10"]
[EventType "swiss"]
[EventRounds "11"]
[EventCountry "IOM"]
[SourceTitle "twic1302"]
[Source "Mark Crowther"]
[SourceDate "2019.10.21"]
[SourceVersion "2"]
[SourceVersionDate "2019.10.25"]
[SourceQuality "2"]

1. e4 c5 2. Nf3 d6 3. d4 cxd4 4. Nxd4 Nf6 5. Nc3 Nc6 6. Bg5 e6 7. Qd2 a6 8.
O-O-O Bd7 9. f4 Be7 10. Nf3 b5 11. Bxf6 gxf6 12. f5 Qb6 13. Qh6 O-O-O 14. Qh5
Rhf8 15. Kb1 Kb8 16. Bd3 Ne5 17. Ne2 b4 18. fxe6 fxe6 19. Nxe5 dxe5 20. Qxh7
Qc5 21. Bxa6 Rh8 22. Qf7 Rdf8 23. Qg7 Rfg8 24. Qf7 Rf8 25. Qg7 Rfg8 26. Qf7 Rf8
1/2-1/2

[Event "FIDE Chess.com Grand Swiss"]
[Site "Mount Murray IOM"]
[Date "2019.10.19"]
[Round "9.63"]
[White "Dubov, Daniil"]
[Black "Movsziszian, Karen"]
[Result "1-0"]
[WhiteElo "2699"]
[BlackElo "2475"]
[PlyCount "129"]
[EventDate "2019.10.10"]
[EventType "swiss"]
[EventRounds "11"]
[EventCountry "IOM"]
[SourceTitle "twic1302"]
[Source "Mark Crowther"]
[SourceDate "2019.10.21"]
[SourceVersion "2"]
[SourceVersionDate "2019.10.25"]
[SourceQuality "2"]

1. e4 d6 2. d4 Nf6 3. Nc3 g6 4. Nf3 Bg7 5. Be3 Nc6 6. d5 Nb8 7. Bc4 c6 8. a4
O-O 9. h3 a5 10. O-O Qc7 11. Qe2 Re8 12. Rad1 e6 13. dxe6 Bxe6 14. Bf4 Bf8 15.
Rd2 Nbd7 16. Rfd1 Ne5 17. Nxe5 dxe5 18. Bg5 Bg7 19. Rd6 Bxc4 20. Qxc4 Rad8 21.
R6d3 Rxd3 22. Rxd3 Qe7 23. Nb1 h6 24. Bd2 Qc7 25. Bc3 Nd7 26. Na3 Nb6 27. Qb3
Nd7 28. Rf3 Re6 29. Nc4 b6 30. Bd2 Bf8 31. Be3 Nc5 32. Qxb6 Qxb6 33. Nxb6 Nxe4
34. Nc4 c5 35. Bc1 Re8 36. Re3 f5 37. f3 Ng3 38. Kf2 Nh1+ 39. Kg1 Ng3 40. Re1
e4 41. Kf2 Nh5 42. fxe4 fxe4 43. Bd2 Bg7 44. g4 Nf6 45. Bxa5 Nd5 46. Bd2 Bd4+
47. Kg2 e3 48. Bc1 Re4 49. a5 Bc3 50. Nd6 Re6 51. bxc3 Rxd6 52. c4 Nb4 53. Bxe3
Nxc2 54. Re2 Nxe3+ 55. Rxe3 Rd2+ 56. Kf3 Ra2 57. Ke4 Rxa5 58. Kd5 g5 59. Kc6
Kf7 60. Kb6 Ra8 61. Kxc5 Rc8+ 62. Kb5 Rb8+ 63. Ka6 Rc8 64. Rc3 Ke6 65. Kb7 1-0

[Event "FIDE Chess.com Grand Swiss"]
[Site "Mount Murray IOM"]
[Date "2019.10.19"]
[Round "9.69"]
[White "Rodshtein, Maxim"]
[Black "Rakotomaharo, Fy Antenaina"]
[Result "0-1"]
[WhiteElo "2684"]
[BlackElo "2428"]
[PlyCount "140"]
[EventDate "2019.10.10"]
[EventType "swiss"]
[EventRounds "11"]
[EventCountry "IOM"]
[SourceTitle "twic1302"]
[Source "Mark Crowther"]
[SourceDate "2019.10.21"]
[SourceVersion "2"]
[SourceVersionDate "2019.10.25"]
[SourceQuality "2"]

1. c4 f5 2. d4 Nf6 3. g3 g6 4. Bg2 Bg7 5. Nf3 d6 6. Nc3 O-O 7. O-O c6 8. Qb3
Qb6 9. Re1 Na6 10. Qc2 Qc7 11. Rb1 e5 12. b4 exd4 13. Nxd4 Ne4 14. Nxe4 fxe4
15. Be3 d5 16. Rec1 Qe7 17. Qb3 Qxb4 18. Qxb4 Nxb4 19. Rxb4 c5 20. Ne6 cxb4 21.
Nxf8 d4 22. Bf4 Bf5 23. Ne6 Bxe6 24. Bxe4 Rc8 25. c5 Bf8 26. Rb1 a5 27. Bxb7
Rxc5 28. Rb2 Rc3 29. Be4 a4 30. Bd2 b3 31. axb3 axb3 32. Rb1 Rc8 33. Bc1 Bb4
34. Bb2 Bc3 35. Kg2 Bc4 36. e3 Bxb2 37. Rxb2 dxe3 38. fxe3 Rd8 39. Kf3 Rf8+ 40.
Kg2 Kg7 41. g4 Re8 42. Kf3 Kf6 43. Rd2 Rb8 44. Rd4 Be6 45. Ra4 Rb5 46. Bd3 b2
47. Bb1 Bd5+ 48. Kf2 Ke5 49. h3 g5 50. Ke2 h6 51. Kf2 Bb3 52. Re4+ Kd5 53. Ke2
Bc4+ 54. Ke1 Rb6 55. Re8 Bb5 56. Rh8 Rc6 57. Bf5 Rf6 58. Bh7 Kc4 59. Rc8+ Kb4
60. Rb8 Rf1+ 61. Kd2 b1=Q 62. Bxb1 Rxb1 63. Rb6 Rb2+ 64. Ke1 Re2+ 65. Kd1 Rh2
66. Rxh6 Kc3 67. Ke1 Kd3 68. Kf1 Kxe3+ 69. Kg1 Rb2 70. h4 Kf3 0-1

[Event "FIDE Chess.com Grand Swiss"]
[Site "Mount Murray IOM"]
[Date "2019.10.19"]
[Round "9.74"]
[White "Bulmaga, Irina"]
[Black "Jansa, Vlastimil"]
[Result "1-0"]
[WhiteElo "2442"]
[BlackElo "2452"]
[PlyCount "137"]
[EventDate "2019.10.10"]
[EventType "swiss"]
[EventRounds "11"]
[EventCountry "IOM"]
[SourceTitle "twic1302"]
[Source "Mark Crowther"]
[SourceDate "2019.10.21"]
[SourceVersion "2"]
[SourceVersionDate "2019.10.25"]
[SourceQuality "2"]

1. e4 c5 2. Nf3 Nc6 3. d4 cxd4 4. Nxd4 e6 5. Nc3 d6 6. g4 a6 7. Be3 Nge7 8. Nb3
b5 9. Bg2 Bb7 10. Qe2 Nc8 11. O-O-O Qc7 12. f4 Nb6 13. e5 Nc4 14. Rhf1 O-O-O
15. exd6 Bxd6 16. Ne4 Nxe3 17. Qxe3 Nb4 18. Nxd6+ Rxd6 19. Bxb7+ Kxb7 20. Qe4+
Nd5 21. f5 Rc8 22. fxe6 fxe6 23. Rf2 Kb8 24. g5 Qb6 25. Rfd2 g6 26. Qe5 Kb7 27.
Nd4 Nc7 28. Qg7 Kb8 29. Qe5 Rd5 30. Qe4 Rcd8 31. Rd3 R8d7 32. h4 R7d6 33. a3
Rd7 34. Kb1 R7d6 35. Nf3 Qc5 36. h5 Rxd3 37. Rxd3 Rxd3 38. cxd3 Qf2 39. hxg6
hxg6 40. Ka2 Nd5 41. Qe5+ Nc7 42. Nd4 Ka8 43. Qe4+ Kb8 44. Nc6+ Kc8 45. Qxg6
Qc5 46. Qg8+ Kb7 47. Na5+ Ka7 48. Qd8 Qd5+ 49. Qxd5 Nxd5 50. g6 Kb6 51. g7 Ne7
52. b4 Kc7 53. Kb3 Kd6 54. Nb7+ Kd5 55. Nc5 a5 56. Ne4 a4+ 57. Kc2 Ke5 58. Nc3
Kf6 59. Nxb5 Kxg7 60. Nc3 Kf6 61. Nxa4 Ke5 62. Kc3 Kd6 63. Kc4 e5 64. Nc3 Nf5
65. a4 Ne3+ 66. Kb5 Nc2 67. a5 Kc7 68. Nd5+ Kd6 69. a6 1-0

[Event "FIDE Chess.com Grand Swiss"]
[Site "Mount Murray IOM"]
[Date "2019.10.20"]
[Round "10.39"]
[White "Bacrot, Etienne"]
[Black "Akobian, Varuzhan"]
[Result "1/2-1/2"]
[WhiteElo "2671"]
[BlackElo "2625"]
[PlyCount "92"]
[EventDate "2019.10.10"]
[EventType "swiss"]
[EventRounds "11"]
[EventCountry "IOM"]
[SourceTitle "twic1302"]
[Source "Mark Crowther"]
[SourceDate "2019.10.21"]
[SourceVersion "2"]
[SourceVersionDate "2019.10.25"]
[SourceQuality "2"]

1. e4 e6 2. d4 d5 3. exd5 exd5 4. Nf3 Nf6 5. Bd3 Bd6 6. Qe2+ Be6 7. Ng5 Qe7 8.
Nxe6 fxe6 9. c3 O-O 10. O-O e5 11. dxe5 Qxe5 12. Qxe5 Bxe5 13. Nd2 Nbd7 14. Nf3
Bd6 15. Re1 c6 16. a4 Ng4 17. h3 Nge5 18. Nxe5 Nxe5 19. Bf1 Nd7 20. Be3 Bc5 21.
c4 d4 22. Bd2 a5 23. Rad1 d3 24. Be3 Bb4 25. Bxd3 Bxe1 26. Rxe1 Ne5 27. Be2
Rfe8 28. Rc1 Rad8 29. Rc3 Nf7 30. Rc2 Re5 31. Bf4 Re7 32. Be3 Rde8 33. Rd2 Rd8
34. Rc2 Rde8 35. Rd2 Rxe3 36. fxe3 Rxe3 37. Kf2 Re7 38. h4 Kf8 39. Rd4 Ke8 40.
Bg4 Ne5 41. Bh3 c5 42. Rd5 Nxc4 43. Rxc5 Nxb2 44. Rxa5 Re4 45. Rb5 Nxa4 46.
Rxb7 Rxh4 1/2-1/2

[Event "FIDE Chess.com Grand Swiss"]
[Site "Mount Murray IOM"]
[Date "2019.10.20"]
[Round "10.40"]
[White "Yilmaz, Mustafa Enes"]
[Black "Berkes, Ferenc"]
[Result "1/2-1/2"]
[WhiteElo "2595"]
[BlackElo "2667"]
[PlyCount "62"]
[EventDate "2019.10.10"]
[EventType "swiss"]
[EventRounds "11"]
[EventCountry "IOM"]
[SourceTitle "twic1302"]
[Source "Mark Crowther"]
[SourceDate "2019.10.21"]
[SourceVersion "2"]
[SourceVersionDate "2019.10.25"]
[SourceQuality "2"]

1. d4 Nf6 2. c4 e6 3. Nc3 Bb4 4. Qc2 d5 5. a3 Bxc3+ 6. Qxc3 O-O 7. Nf3 dxc4 8.
Qxc4 b6 9. Bg5 Bb7 10. Rd1 Nbd7 11. Ne5 h6 12. Bh4 c5 13. Nxd7 Qxd7 14. Bxf6
gxf6 15. dxc5 Qc7 16. h4 Rfd8 17. Rxd8+ Rxd8 18. Rh3 Rd5 19. Rg3+ Kf8 20. Rc3
Rxc5 21. Qb4 Kg7 22. Rxc5 bxc5 23. Qc3 Qh2 24. Qxc5 Bxg2 25. Bxg2 Qxg2 26. Qxa7
Qh1+ 27. Kd2 Qd5+ 28. Kc3 Qc6+ 29. Kd2 Qd5+ 30. Kc3 Qc6+ 31. Kd2 Qd5+ 1/2-1/2

[Event "FIDE Chess.com Grand Swiss"]
[Site "Mount Murray IOM"]
[Date "2019.10.20"]
[Round "10.41"]
[White "Sjugirov, Sanan"]
[Black "Vocaturo, Daniele"]
[Result "1-0"]
[WhiteElo "2662"]
[BlackElo "2620"]
[PlyCount "113"]
[EventDate "2019.10.10"]
[EventType "swiss"]
[EventRounds "11"]
[EventCountry "IOM"]
[SourceTitle "twic1302"]
[Source "Mark Crowther"]
[SourceDate "2019.10.21"]
[SourceVersion "2"]
[SourceVersionDate "2019.10.25"]
[SourceQuality "2"]

1. d4 Nf6 2. c4 e6 3. Nf3 d5 4. Nc3 c5 5. cxd5 cxd4 6. Qxd4 exd5 7. e4 Nc6 8.
Bb5 dxe4 9. Qxd8+ Kxd8 10. Ng5 Be6 11. Bxc6 bxc6 12. Nxe6+ fxe6 13. Ke2 Bb4 14.
Na4 Kc7 15. Be3 Nd5 16. Rac1 Nxe3 17. fxe3 Rad8 18. Rc2 Rd5 19. a3 Ra5 20. axb4
Rxa4 21. b5 Rb4 22. bxc6 Rc8 23. Rd1 Kb6 24. Rd6 Rc7 25. Rxe6 a5 26. h4 h5 27.
Kd2 Rb5 28. Rg6 Rd5+ 29. Ke2 Rc5 30. Rxc5 Kxc5 31. Kd2 Kc4 32. Kc2 a4 33. g3
Rc8 34. Rd6 Kc5 35. Rd4 Rxc6 36. Rxe4 Rg6 37. Rxa4 Rxg3 38. Kd3 Rg2 39. b4+ Kb6
40. Ra5 Rg4 41. Rxh5 Rxb4 42. e4 Rb3+ 43. Kc4 Rh3 44. Kd5 Kc7 45. Rh7 Rd3+ 46.
Ke6 Rd6+ 47. Kf5 Rf6+ 48. Ke5 Rf7 49. Ke6 Rf6+ 50. Ke7 Ra6 51. e5 Kc6 52. Rxg7
Kd5 53. Rg5 Rh6 54. e6+ Kc6 55. h5 Rh7+ 56. Kf6 Kd6 57. e7 1-0

[Event "FIDE Chess.com Grand Swiss"]
[Site "Mount Murray IOM"]
[Date "2019.10.20"]
[Round "10.42"]
[White "Ganguly, Surya Shekhar"]
[Black "Erdos, Viktor"]
[Result "1/2-1/2"]
[WhiteElo "2658"]
[BlackElo "2604"]
[PlyCount "85"]
[EventDate "2019.10.10"]
[EventType "swiss"]
[EventRounds "11"]
[EventCountry "IOM"]
[SourceTitle "twic1302"]
[Source "Mark Crowther"]
[SourceDate "2019.10.21"]
[SourceVersion "2"]
[SourceVersionDate "2019.10.25"]
[SourceQuality "2"]

1. c4 e5 2. g3 Nc6 3. Bg2 Bc5 4. Nc3 d6 5. e3 a6 6. Nge2 Ba7 7. d4 h5 8. b3 h4
9. Bb2 Nf6 10. Qd3 Nb4 11. Qb1 Nc6 12. Qd3 Nb4 13. Qb1 Nc6 14. dxe5 Nxe5 15. h3
Rb8 16. g4 b5 17. cxb5 axb5 18. f4 b4 19. Nd5 Ned7 20. Nd4 Bxd4 21. Bxd4 c5 22.
Bb2 Bb7 23. Qf5 Nxd5 24. Bxd5 Qe7 25. O-O-O Bxd5 26. Qxd5 O-O 27. Qxd6 Qxe3+
28. Kb1 Qe4+ 29. Qd3 Nf6 30. Bxf6 Qxd3+ 31. Rxd3 gxf6 32. Rd5 Rfe8 33. Rxc5
Rbd8 34. g5 Kg7 35. Rf5 Re2 36. Rxf6 Ra8 37. Rc1 Raxa2 38. Rc7 Reb2+ 39. Kc1
Rh2 40. Kb1 Rhb2+ 41. Kc1 Rh2 42. Rfxf7+ Kg8 43. Rg7+ 1/2-1/2

[Event "FIDE Chess.com Grand Swiss"]
[Site "Mount Murray IOM"]
[Date "2019.10.20"]
[Round "10.53"]
[White "Jones, Gawain C"]
[Black "Nihal, Sarin"]
[Result "1/2-1/2"]
[WhiteElo "2688"]
[BlackElo "2610"]
[PlyCount "63"]
[EventDate "2019.10.10"]
[EventType "swiss"]
[EventRounds "11"]
[EventCountry "IOM"]
[SourceTitle "twic1302"]
[Source "Mark Crowther"]
[SourceDate "2019.10.21"]
[SourceVersion "2"]
[SourceVersionDate "2019.10.25"]
[SourceQuality "2"]

1. e4 e5 2. Nf3 Nc6 3. Bb5 a6 4. Ba4 Nf6 5. O-O Be7 6. Re1 b5 7. Bb3 O-O 8. a4
Bb7 9. d3 d6 10. Nbd2 Nd7 11. axb5 axb5 12. Rxa8 Qxa8 13. c3 Nc5 14. Bc2 b4 15.
Nc4 bxc3 16. bxc3 Qa1 17. Qd2 Na5 18. Nxa5 Qxa5 19. d4 Nd7 20. h3 Bf6 21. Bb3
Re8 22. Qc2 Qa8 23. Ba4 Re7 24. Bxd7 Rxd7 25. dxe5 Bxe5 26. Nxe5 dxe5 27. f3 h6
28. Be3 Bc6 29. Rd1 Qa4 30. Qxa4 Bxa4 31. Rxd7 Bxd7 32. Ba7 1/2-1/2

[Event "FIDE Chess.com Grand Swiss"]
[Site "Mount Murray IOM"]
[Date "2019.10.20"]
[Round "10.54"]
[White "Ponomariov, Ruslan"]
[Black "Lu Shanglei"]
[Result "0-1"]
[WhiteElo "2675"]
[BlackElo "2602"]
[PlyCount "90"]
[EventDate "2019.10.10"]
[EventType "swiss"]
[EventRounds "11"]
[EventCountry "IOM"]
[SourceTitle "twic1302"]
[Source "Mark Crowther"]
[SourceDate "2019.10.21"]
[SourceVersion "2"]
[SourceVersionDate "2019.10.25"]
[SourceQuality "2"]

1. e4 c5 2. Nf3 d6 3. Bb5+ Bd7 4. Bxd7+ Qxd7 5. c4 e5 6. Nc3 Nc6 7. a3 g6 8. b4
Bg7 9. O-O Nge7 10. bxc5 dxc5 11. d3 O-O 12. Rb1 h6 13. Nd5 f5 14. Qb3 b6 15.
Bd2 g5 16. Bc3 fxe4 17. dxe4 Rxf3 18. gxf3 Ng6 19. Qd1 Qh3 20. Kh1 Nh4 21. Rg1
Nxf3 22. Rg2 Rf8 23. Ne3 Nh4 24. Rg3 Qc8 25. Ng2 Nxg2 26. Kxg2 Nd4 27. Bxd4
exd4 28. Qg4 Qxg4 29. Rxg4 Be5 30. h4 Bf4 31. hxg5 hxg5 32. a4 Kg7 33. a5 d3
34. axb6 axb6 35. Rd1 Rd8 36. Kf3 b5 37. Rxf4 gxf4 38. Kxf4 bxc4 39. Ke3 Kf6
40. f3 Rh8 41. Rd2 Rh1 42. Rb2 Rd1 43. Rd2 Re1+ 44. Kf2 Rb1 45. Ke3 c3 0-1

[Event "FIDE Chess.com Grand Swiss"]
[Site "Mount Murray IOM"]
[Date "2019.10.20"]
[Round "10.57"]
[White "Volokitin, Andrei"]
[Black "Erenberg, Ariel"]
[Result "1-0"]
[WhiteElo "2627"]
[BlackElo "2463"]
[PlyCount "89"]
[EventDate "2019.10.10"]
[EventType "swiss"]
[EventRounds "11"]
[EventCountry "IOM"]
[SourceTitle "twic1302"]
[Source "Mark Crowther"]
[SourceDate "2019.10.21"]
[SourceVersion "2"]
[SourceVersionDate "2019.10.25"]
[SourceQuality "2"]

1. e4 e5 2. Nf3 Nc6 3. Bb5 a6 4. Ba4 Nf6 5. O-O Be7 6. Re1 b5 7. Bb3 d6 8. c3
O-O 9. h3 Nb8 10. d4 Nbd7 11. c4 c6 12. Nc3 b4 13. Ne2 c5 14. dxe5 Nxe5 15.
Nxe5 dxe5 16. Ng3 a5 17. Nf5 Bxf5 18. Qxd8 Rfxd8 19. exf5 a4 20. Bc2 e4 21. g4
h6 22. Be3 Bd6 23. Rad1 Be5 24. Rxd8+ Rxd8 25. Bxa4 Bxb2 26. Bxc5 Rc8 27. Bd6
Rxc4 28. Bb3 Rc3 29. Be5 Rc1 30. Rxc1 Bxc1 31. Bd6 h5 32. g5 Bxg5 33. Bxb4 Nd7
34. a4 e3 35. a5 Nb8 36. Bd5 Na6 37. Bc3 Nc5 38. Kf1 Kh7 39. Bd4 Be7 40. fxe3
f6 41. Bb7 g6 42. a6 Nxa6 43. fxg6+ Kxg6 44. Bxa6 Kg5 45. Kg2 1-0

[Event "FIDE Chess.com Grand Swiss"]
[Site "Mount Murray IOM"]
[Date "2019.10.20"]
[Round "10.67"]
[White "Gonzalez Vidal, Yuri"]
[Black "Arkell, Keith C"]
[Result "1/2-1/2"]
[WhiteElo "2552"]
[BlackElo "2447"]
[PlyCount "156"]
[EventDate "2019.10.10"]
[EventType "swiss"]
[EventRounds "11"]
[EventCountry "IOM"]
[SourceTitle "twic1302"]
[Source "Mark Crowther"]
[SourceDate "2019.10.21"]
[SourceVersion "2"]
[SourceVersionDate "2019.10.25"]
[SourceQuality "2"]

1. d4 d5 2. c4 c6 3. Nc3 Nf6 4. Nf3 g6 5. cxd5 cxd5 6. Bf4 Nc6 7. e3 Bg7 8. h3
O-O 9. Be2 b6 10. O-O Bb7 11. Rc1 Ne4 12. Qa4 a6 13. Qb3 Na5 14. Qb4 Nc6 15.
Qa3 Nxc3 16. Rxc3 b5 17. Qb3 Qd7 18. a4 bxa4 19. Qxa4 Rfc8 20. Rfc1 e6 21. Bd1
Bf8 22. Bb3 Bd6 23. Bxd6 Qxd6 24. Ne1 Ne7 25. Nd3 Bc6 26. Qa1 Bb5 27. Nc5 Rc6
28. Ba4 Bxa4 29. Qxa4 Rb8 30. R1c2 Rcb6 31. Nd3 R6b7 32. g3 Kg7 33. Kg2 g5 34.
Ra3 Rb6 35. Rac3 R6b7 36. Ne5 Rb4 37. Qa1 R8b7 38. Qc1 Qd8 39. Nd3 Rb3 40. Nc5
Rxc3 41. Rxc3 Ra7 42. Nd3 a5 43. Ne5 Rb7 44. b3 Qb6 45. Nd3 h6 46. Qc2 Nf5 47.
Ne5 Nd6 48. Rc6 Qd8 49. Ra6 Qc8 50. Qd1 Ne4 51. Rxa5 Qc3 52. Ra8 Qxb3 53. Qxb3
Rxb3 54. Ra7 Nd6 55. Rd7 Rb6 56. g4 Ra6 57. h4 Kf8 58. h5 Ke8 59. Rc7 Kd8 60.
Rc2 f6 61. Nd3 Ra7 62. Rb2 Kc7 63. Nc5 e5 64. dxe5 fxe5 65. Nd3 Nf7 66. Rb5 Kc6
67. Rb8 Rd7 68. Re8 Kd6 69. Rg8 d4 70. exd4 exd4 71. Kf1 Ne5 72. Nxe5 Kxe5 73.
Rf8 Ra7 74. Ke2 Ra2+ 75. Kd3 Ra3+ 76. Ke2 Ra2+ 77. Kd3 Ra3+ 78. Ke2 Ra2+
1/2-1/2

[Event "FIDE Chess.com Grand Swiss"]
[Site "Mount Murray IOM"]
[Date "2019.10.20"]
[Round "10.68"]
[White "Stefanova, Antoaneta"]
[Black "Danielian, Elina"]
[Result "1/2-1/2"]
[WhiteElo "2479"]
[BlackElo "2385"]
[PlyCount "79"]
[EventDate "2019.10.10"]
[EventType "swiss"]
[EventRounds "11"]
[EventCountry "IOM"]
[SourceTitle "twic1302"]
[Source "Mark Crowther"]
[SourceDate "2019.10.21"]
[SourceVersion "2"]
[SourceVersionDate "2019.10.25"]
[SourceQuality "2"]

1. d4 Nf6 2. c4 e6 3. Nf3 c5 4. d5 exd5 5. cxd5 d6 6. Nc3 g6 7. Bf4 Bg7 8. e3
O-O 9. h3 Na6 10. Bc4 Nc7 11. a4 a6 12. O-O Rb8 13. a5 b5 14. axb6 Rxb6 15. Qc2
Qe7 16. Rfe1 Re8 17. Nd2 Bd7 18. Ba2 Bb5 19. e4 Nh5 20. Be3 Rb7 21. Nf3 Nf6 22.
e5 dxe5 23. Rad1 Qd6 24. Ng5 c4 25. Nce4 Nxe4 26. Nxe4 Qb4 27. b3 cxb3 28. Bxb3
Bd7 29. Rb1 Nb5 30. d6 Qa5 31. Bxf7+ Kxf7 32. Ng5+ Kg8 33. Qb3+ Be6 34. d7 Rxd7
35. Nxe6 Qc3 36. Qa2 Qa3 37. Qc4 Qc3 38. Qa2 Qa3 39. Qc4 Qc3 40. Qa2 1/2-1/2